100 Biggest Airlines - Statistics

General Stats
  • This quiz has been taken 84 times
  • The average score is 33 of 100
Answer Stats
Number of Flights Answer % Correct
494 Emirates
89%
4563 American Airlines
86%
2523 Ryanair
84%
581 British Airways
81%
616 Lufthansa
81%
1614 Air China
80%
622 Air France
77%
938 Air Canada
74%
760 Qantas
72%
690 Air India
70%
3386 Delta Air Lines
70%
3609 United Airlines
70%
560 KLM
68%
552 Iberia
65%
337 Singapore Airlines
64%
1187 ANA
62%
961 Turkish Airlines
62%
503 Qatar Airways
61%
618 Aeroflot
57%
477 Aeromexico
55%
2200 Southwest Airlines
55%
313 Cathay Pacific
53%
1095 easyJet
53%
242 SWISS
53%
406 Air New Zealand
51%
654 Alaska Airlines
51%
2473 China Eastern Airlines
51%
2341 China Southern Airlines
51%
525 SAS
51%
261 Aer Lingus
49%
440 Spirit Airlines
49%
287 Etihad Airways
46%
356 Korean Airlines
46%
468 Saudia
46%
418 WestJet
46%
404 Wizz Air
46%
236 Finnair
43%
552 AirAsia
42%
716 AVIANCA
42%
444 Ethiopian Airlines
41%
2219 IndiGo
41%
825 JAL
41%
295 Frontier Airlines
38%
364 Vietnam Airlines
36%
637 JetBlue Airways
35%
221 Austrian Airlines
34%
821 Hainan Airlines
32%
217 ITA Airways
32%
373 Jetstar
32%
1194 LATAM Airlines
30%
426 Vueling
30%
228 Aegean Airlines
27%
630 Azul
27%
271 Malaysia Airlines
27%
228 Eurowings
26%
543 Pegasus
22%
448 Volaris
22%
737 Shenzhen Airlines
20%
323 Virgin Australia
20%
702 Xiamen Airlines
20%
362 Copa Airlines
19%
272 Lion Air
19%
367 flydubai
18%
452 Gol
18%
214 Jeju Air
18%
322 Philippine Airlines
18%
249 Air Arabia
16%
306 Beijing Capital Airlines
14%
373 Cebu Pacific Air
14%
217 Porter Airlines
12%
246 S7 Airlines
12%
314 Shanghai Airlines
12%
694 Sichuan Airlines
12%
587 Shandong Airlines
11%
434 VietJet Air
11%
426 VivaAerobus
11%
236 Thai Airways International
9%
232 Air Algerie
8%
256 Batik Air
8%
349 Juneyao Airlines
8%
595 Spring Airlines
8%
421 Thai AirAsia
8%
397 Tianjin Airlines
8%
345 Chengdu Airlines
7%
338 flynas
7%
466 Air India Express
5%
228 AJet
5%
318 Loong Air
5%
212 Binter Canarias
3%
227 China United Airlines
3%
222 Citilink
3%
246 Lucky Air
3%
319 Wideroe
3%
365 Wizz Air Malta
3%
219 Airlink
1%
214 Flyadeal
1%
439 Gestair
1%
266 Super Air Jet
1%
231 West Air
1%
229 Probeda
0%
No matching quizzes found
Score Distribution
Percent of People with Each Score
Percentile by Number Answered
Your Score History
You have not taken this quiz